Tổ chức hoạt động trải nghiệm cho học sinh lớp 10 các môn khoa học tự nhiên

Nội dung gồm cơ sở lý thuyết của việc học; các hoạt động trải nghiệm nhằm phát triển năng lực cho học sinh; tổ chức một số hoạt động trải nghiệm cho học sinh về các môn khoa học tự nhiên

שמור ב:
מידע ביבליוגרפי
מחבר ראשי: Nguyễn, Thị Hồng Nam
פורמט: ספר
שפה:Undetermined
יצא לאור: Hà Nội Giáo dục Việt Nam 2019
נושאים:
תגים: הוספת תג
אין תגיות, היה/י הראשונ/ה לתייג את הרשומה!
Thư viện lưu trữ: Trung tâm Học liệu Trường Đại học Cần Thơ
LEADER 01131nam a2200253Ia 4500
001 CTU_238444
008 210402s9999 xx 000 0 und d
020 |c 35000 
082 |a 495.9220712 
082 |b N104 
100 |a Nguyễn, Thị Hồng Nam 
245 0 |a Tổ chức hoạt động trải nghiệm cho học sinh lớp 10 các môn khoa học tự nhiên 
245 0 |c Nguyễn Thị Hồng Nam (Chủ biên) 
260 |a Hà Nội 
260 |b Giáo dục Việt Nam 
260 |c 2019 
520 |a Nội dung gồm cơ sở lý thuyết của việc học; các hoạt động trải nghiệm nhằm phát triển năng lực cho học sinh; tổ chức một số hoạt động trải nghiệm cho học sinh về các môn khoa học tự nhiên 
526 |a Giáo dục trải nghiệm 
526 |b SG456 
650 |a Sciences,Khoa học 
650 |x Study and teaching (Secondary),Dạy và học (Trung học) 
910 |a Tuyến 
910 |b tttuyen 
980 |a Trung tâm Học liệu Trường Đại học Cần Thơ